Plan para la expansión y mejoramiento de la educación primaria en el estado de Jalisco /

Uloženo v:
Podrobná bibliografie
Korporativní autor: México. Secretaría de Educación Pública
Médium: Kniha
Jazyk:španělština
Témata:
Tagy: Přidat tag
Žádné tagy, Buďte první, kdo vytvoří štítek k tomuto záznamu!

MARC

LEADER 00000nam^a2200000^a^4500
001 000122974
005 20250521000000.0
009 20260310094520.692
037 |a Acervo ITESO - Biblioteca 
041 |a ESP 
082 |a 372. 97235  |b SEC 
110 |a México.  |b Secretaría de Educación Pública 
245 1 0 |a Plan para la expansión y mejoramiento de la educación primaria en el estado de Jalisco / 
264 |a México :  |b Secretaría de Educación Pública,  |c 1967 
300 |a 86 p. 
336 |a texto  |b txt  |2 rdacontenido 
337 |a sin mediación  |b n  |2 rdamedio 
338 |a volumen  |b nc  |2 rdasoporte 
649 |a XX 
650 |a Educación Primaria -  |z Jalisco -  |x Historia 
650 |a Planeación Educativa -  |z Jalisco -  |x Historia 
650 |a Educación -  |z Jalisco -  |x Historia 
650 |a Jalisco -  |x Historia -  |y 1964-1970 
910 |a Fondo Salvador Reynoso Reynoso 
920 |a Impresos - Libros 
930 |a Fondos Especiales 
905 |a 112 
901 |a 0800006967  |b IT2  |c ESP  |u 20250521 
901 |a 0800006904  |b IT2  |c ESP  |u 20250521 
901 |a 0800007210  |b IT2  |c ESP  |u 20250521 
902 |a https://opac.biblio.iteso.mx/vufind/Record/000122974